[Event "NED-ch U12 op"]
[Site "Borne"]
[Date "2019.08.06"]
[Round "3"]
[White "Van Leeuwen, Robin"]
[Black "Waersegers, Brent"]
[Result "1/2-1/2"]
[WhiteElo "1446"]
[BlackElo "947"]
[PlyCount "96"]
[EventDate "2019.08.05"]
[EventType "swiss"]
[EventRounds "13"]
[EventCountry "NED"]
[SourceTitle "EXT 2020"]
[Source "ChessBase"]
[SourceDate "2019.10.17"]
[SourceVersion "1"]
[SourceVersionDate "2019.10.17"]
[SourceQuality "1"]

1. e4 e5 2. f4 exf4 3. Nf3 c6 4. d4 d5 5. e5 f6 6. Bxf4 c5 7. c3 Nc6 8. Be2 Bg4 9. 0-0 Qb6 10. exf6 Nxf6 11. Ne5 Bxe2 12. Qxe2 Ne4 13. Nxc6 Qxc6 14. Nd2 Be7 15. Nxe4 dxe4 16. Be5 Bf6 17. Bxf6 gxf6 18. Rae1 cxd4 19. Qxe4+ Qxe4 20. Rxe4+ Kf7 21. Rxd4 Rad8 22. Rfd1 Rde8 23. Rd7+ Re7 24. Kf2 Rg8 25. R1d5 Rg6 26. Kf3 h6 27. g3 b6 28. a4 a5 29. Rxe7+ Kxe7 30. Rb5 f5 31. Rxf5 Ke6 32. Rb5 Rf6+ 33. Ke3 Ke7 34. b4 Rc6 35. Kd3 Rd6+ 36. Kc2 axb4 37. cxb4 Rc6+ 38. Kb3 Kd7 39. a5 bxa5 40. bxa5 Ra6 41. Kb4 Kc6 42. Rc5+ Kd6 43. Kb5 Rxa5+ 44. Kxa5 Kxc5 45. Ka6 Kd5 46. Kb5 Ke4 47. Kc4 Kf3 48. Kd3 h5 1/2-1/2

[Event "NED-ch U12 op"]
[Site "Borne"]
[Date "2019.08.06"]
[Round "2"]
[White "Yeh, Nora"]
[Black "Van Leeuwen, Robin"]
[Result "1/2-1/2"]
[WhiteElo "1161"]
[BlackElo "1446"]
[PlyCount "53"]
[EventDate "2019.08.05"]
[EventType "swiss"]
[EventRounds "13"]
[EventCountry "NED"]
[SourceTitle "EXT 2020"]
[Source "ChessBase"]
[SourceDate "2019.10.17"]
[SourceVersion "1"]
[SourceVersionDate "2019.10.17"]
[SourceQuality "1"]

1. d4 d5 2. Nf3 Nf6 3. Bf4 e6 4. e3 Bd7 5. c4 c6 6. Nc3 Be7 7. Bd3 0-0 8. 0-0 Nh5 9. Be5 Nf6 10. Rc1 Bc8 11. Qc2 Nbd7 12. cxd5 exd5 13. Bxf6 Nxf6 14. Ne5 Re8 15. f4 h6 16. Rf3 Be6 17. Rg3 Rc8 18. f5 Bd7 19. Ne2 Bd6 20. Nxd7 Qxd7 21. Rf3 c5 22. dxc5 Bxc5 23. Qd2 Ng4 24. Nd4 Bb6 25. Bb5 Qe7 26. Bxe8 Rxe8 27. Re1 1/2-1/2